[Event "Barcelona Sant Marti op-B 22nd"]
[Site "Barcelona"]
[Date "2022.07.18"]
[Round "6"]
[White "Plantada Siurans, Estanislau"]
[Black "Bustos Pedragosa, Nil"]
[Result "0-1"]
[WhiteElo "1559"]
[BlackElo "1376"]
[PlyCount "54"]
[EventDate "2022.07.13"]
[EventType "swiss"]
[EventRounds "9"]
[EventCountry "ESP"]
[SourceTitle "CBM 210 Extra"]
[Source "ChessBase"]
[SourceDate "2022.11.30"]
[SourceVersion "1"]
[SourceVersionDate "2022.11.30"]
[SourceQuality "1"]

1. e4 c6 2. d4 d5 3. f3 dxe4 4. fxe4 e5 5. Nf3 Bg4 6. Bc4 Nd7 7. 0-0 Ngf6 8. Bg5 Bd6 9. Bxf6 Nxf6 10. Bxf7+ Kxf7 11. Ng5+ Kg6 12. Qd2 h6 13. Nf3 Bxf3 14. Rxf3 Kh7 15. c3 Rf8 16. Qc2 Qc7 17. Nd2 Kh8 18. Nc4 exd4 19. Nxd6 Qxd6 20. Rd1 Ng4 21. Rg3 Qf4 22. Qe2 Ne3 23. Rf3 Qxe4 24. cxd4 Rxf3 25. gxf3 Qg6+ 26. Kf2 Nxd1+ 27. Qxd1 Qd6 0-1